| 000 | 00497nam a2200193Ia 4500 | ||
|---|---|---|---|
| 003 | GCL | ||
| 008 | 140319s9999 xx 000 0 eng d | ||
| 040 |
_aGCL / _cGCL |
||
| 082 | 0 | 4 |
_a398.2 _bD P |
| 100 | 1 | _aDAMES, LONGWORTH | |
| 245 | 1 | 0 |
_aPOPULAR POETRY OF THE BALACHES: VOL IX / _cDAMES, LONGWORTH |
| 260 |
_a[S.N] : _bBALUCHI ACADEMY |
||
| 300 | _a224 P | ||
| 490 |
_aASIATIC SOCIETYS MONOGRAPHS _v0 |
||
| 650 | 0 | 4 | _aFOLKSONGS |
| 650 | 0 | 4 | _aPOETRY |
| 650 | 0 | 4 | _aBALOCHES |
| 942 |
_2ddc _cBK |
||
| 999 |
_c19581 _d19581 |
||